Nomeie um jogador de futebol válido - Edição Mundo - Statistics

Estatísticas Gerais
  • Esse quiz foi jogado 6 354 vezes
  • A pontuação média é 15 de 24
Estatísticas das Respostas
Pista Jogador (es) % Correto
Com mais de 600 gols reconhecidos pela FIFA na carreira Pelé | Romário | Gerd Müller | Cristiano Ronaldo | Ferenc Puskás | Lionel Messi | Josef Bican | Eusébio
100%
Com mais de 32 títulos na carreira Daniel Alves | Pelé | Maxwell | Ryan Giggs | Andrés Iniesta | Gerard Piqué | Lionel Messi | Vitor Baía | Xavi | Zlatan Ibrahimovic
93%
Ganhador do Prêmio Puskás de gol mais bonito do ano Cristiano Ronaldo | Hamit Altintop | Neymar | Miroslav Stoch | Zlatan Ibrahimovic | James Rodríguez | Wendell Lira | Mohd Faiz Subri | Olivier Giroud | Mohamed Salah | Dániel Szóri
92%
Goleiro que marcou mais de 30 gols na carreira Rogério Ceni | José Luis Chilavert | Jorge Campos | Johnny Vegas Fernandez | Márcio | René Higuita | Hans-Jörg Butt | Misael Alfaro
88%
Eleito melhor goleiro do mundo pela IFFHS (desde 1987) Jean-Marie Pfaff | Rinat Dasayev | Walter Zenga | Peter Schmeichel | Michel Preud'homme | José Luis Chilavert | Andreas Köpke | Oliver Kahn | Fabien Barthez | Gianluigi Buffon | Petr Cech | Iker Casillas | Manuel Neuer | Thibaut Courtois | Alisson
85%
Possui exatamente 1 prêmio de melhor jogador do mundo pela FIFA Romário | Luís Figo | George Weah | Rivaldo | Roberto Baggio | Marco van Basten | Lothar Matthäus | Kaká | Fábio Cannavaro | Luka Modric
85%
Recebeu mais de 12 cartões vermelhos na carreira Gerardo Bedoya | Cyril Rool | Sergio Ramos | Alexis Ruano | Paolo Montero | Felipe Melo | Pablo Alfaro | Yannick Cahuzac | Roy Keane | Vinnie Jones
83%
Goleiro que ganhou a luva de ouro de melhor goleiro da Copa do Mundo e também foi campeão Enrique Ballesteros | Roque Máspoli | Gordon Banks | Sepp Maier | Ubaldo Fillol | Dino Zoff | Fabien Barthez | Gianluigi Buffon | Iker Casillas | Manuel Neuer
80%
Ganhou o prêmio de melhor jogador da Copa sem ter sido campeão Leônidas | Zizinho | Ferenc Puskás | Johan Cruyff | Salvatore Schillaci | Ronaldo | Oliver Kahn | Zinedine Zidane | Diego Forlán | Lionel Messi | Luka Modric
80%
Com pelo menos 4 prêmios de melhor jogador da partida em partidas de Copa do Mundo (desde 2002) Arjen Robben | Cristiano Ronaldo | Lionel Messi | Luis Suárez | Eden Hazard | Keisuke Honda | James Rodríguez | Miroslav Klose | Park Ji-Sung | Thomas Müller | Wesley Sneijder
69%
Marcou gol em pelo menos 4 Copas do Mundo Pelé | Uwe Seeler | Miroslav Klose | Cristiano Ronaldo
64%
Marcou pelo menos 11 gols em Copas do Mundo Miroslav Klose | Ronaldo | Gerd Müller | Just Fontaine | Pelé | Sándor Kocsis | Jürgen Klinsmann
63%
Ganhou o prêmio de melhor jogador jovem da Copa do Mundo da FIFA (desde 2006) Lukas Podolski | Thomas Müller | Paul Pogba | Kylian Mbappé
61%
Disputou pelo menos 11 partidas como capitão em Copas do Mundo Diego Maradona | Dino Zoff | Rafael Márquez | Paolo Maldini | Kazimierz Deyna | Ladislav Novak | Uwe Seeler | Daniel Passarella | Lothar Matthäus | Michel Platini | Dunga | Cafu
60%
Goleiro que defendeu pelo menos 3 pênaltis em decisões por pênaltis em Copas do Mundo (desde 1982) Harald Schumacher | Sergio Goycochea | Danijel Subasic | Claudio Taffarel | Ricardo | Igor Akinfeev
56%
Jogadores na seleção de todos os tempos das Copas, em eleição realizada em 2002 Lev Yashin | Paolo Maldini | Franz Beckenbauer | Roberto Carlos | Johan Cruyff | Zinédine Zidane | Diego Maradona | Roberto Baggio | Pelé | Ronaldo | Romário
56%
Disputou mais de 1000 partidas na carreira (reconhecidas pela FIFA) Peter Shilton | Rogério Ceni | Ray Clemence | Javier Zanetti | Pat Jennings | Tony Ford | Roberto Carlos | Djalma Santos | Raúl | Alan Ball | David Seaman | Paolo Maldini | Ryan Giggs | Xavi | Graham Alexander | Noel Baillie | David James | Iker Casillas | Andoni Zubizarreta | Frank Lampard | Clarence Seedorf | Ian Callaghan | Tommy Hutchison
54%
Artilheiro da Copa do Mundo que também foi campeão Garrincha | Vavá | Mario Kempes | Paolo Rossi | Ronaldo | David Villa
51%
Vencedor do prêmio de gol mais bonito da Copa do Mundo (desde 2006) Maxi Rodríguez | Diego Forlán | James Rodríguez | Benjamin Pavard
51%
Disputou pelo menos 20 partidas em Copas do Mundo Lothar Matthäus | Miroslav Klose | Paolo Maldini | Diego Maradona | Wladyslaw Zmuda | Uwe Seeler | Philipp Lahm | Bastian Schweinsteiger | Cafu | Grzegorz Lato | Javier Mascherano
49%
Artilheiro da Copa do Mundo que era do país sede Ademir de Menezes | Leonel Sánchez | Mario Kempes | Salvatore Schillaci | Miroslav Klose
41%
Goleiro que ficou mais de 1000 minutos sem sofrer gols Mazaropi | Neneca | Jorge Reis | Sabet El Batal | Dany Verlinden | José María Buljubasich | Edwin van der Sar | Abel Resino | Daniel Tenenbaum | Zetti | Vitor Baía | Dino Zoff | Jairo | Emerson Conceição | Manuel Bento | Carlos Barísio | Altevir Sales | Eli Graciano | Émerson Leão | Ladel | Raul Plasmann
21%
Jogadores que perderam pênalti em disputas de pênaltis em Copas do Mundo, mas sua equipe saiu vencedora Uli Stielike | Michel Platini | Diego Maradona | Pedro Troglio | Krassimir Balakov | Hakan Mild | Márcio Santos | Hernán Crespo | Bixente Lizarazu | Juanfran | Juan Carlos Valerón | Andriy Shevchenko | Hugo Viana | Petit | Maxi Pereira | Willian | Hulk | Milan Badelj | Josip Pivaric | Jordan Henderson | Mateo Kovacic
16%
Disputou Copa do Mundo por mais de um país (pense em naturalizados e em jogadores de países que se separaram) Luis Monti | Ferenc Puskás | José Santamaría | Mazzola | Robert Prosinecki | Dejan Stankovic
15%
Nenhum quiz correspondente encontrado
Distribuição das Pontuações
Porcentagem de Pessoas com Cada Pontuação
Percentil de Números Respondidos
Sua Pontuação Histórica
Você não jogou esse quiz